Athletics by Picture - Marathon - Statistics

General Stats
  • This quiz has been taken 15 times
    7 since last reset
  • The average score is 4 of 20
Answer Stats
Picture Hint Answer % Correct
KEN - Olympic champion 2016 & 2020 Eliud Kipchoge
86%
KEN - WR holder, London & Chicago marathon winner Kelvin Kiptum
86%
NED - Olympic champion 2024 Sifan Hassan
86%
ETH - 4 x Berlin marathon winner Haile Gebrselassie
29%
GBR - 2 x New York marathon winner Paula Radcliffe
29%
KEN - Olympic champion 2020, World champion 2025 Peres Jepchirchir
29%
KEN - WR holder, World champion 2019 Ruth Chepngetich
29%
ETH - Olympic champion 2024, World champion 2022 Tamirat Tola
29%
KEN - 5 x Marathon Majors winner Brigid Kosgei
14%
POR - Olympic champion 1988, World champion 1987 Rosa Mota
14%
ETH - Olympic champion 1960 & 1964 Abebe Bikila
0%
ESP - World champion 1995 & 1997 Abel Antón
0%
KEN - World champion 2009 & 2011 Abel Kirui
0%
KEN - World champion 2003 & 2007 Catherine Ndereba
0%
KEN - World champion 2011 & 2013 Edna Kiplagat
0%
NOR - 8 x New York marathon winner Grete Waitz
0%
MOR - World champion 2003 & 2005 Jaouad Gharib
0%
KEN - Olympic champion 2008 Samuel Wanjiru
0%
KEN - 2 x New York marathon winner Tegla Loroupe
0%
GDR - Olympic champion 1976 & 1980 Waldemar Cierpinski
0%
No matching quizzes found
Score Distribution
Percent of People with Each Score
Percentile by Number Answered
Your Score History
You have not taken this quiz since the last reset